| Tag |
First Indicator |
Second Indicator |
Subfields |
| LEADER |
00000cam a2200000 i 4500 |
| 001 |
in00000019686 |
| 005 |
20151007053708.0 |
| 008 |
800321s1978 txu b s00010 eng d |
| 035 |
|
|
|a (OCoLC)06114728
|
| 035 |
|
|
|9 AAB2507AM
|
| 040 |
|
|
|a IKM
|c IKM
|d m.c.
|d TXA
|d UtOrBLW
|
| 043 |
|
|
|a n-us-tx
|
| 049 |
|
|
|a TXAM
|c [A12591682]
|
| 050 |
|
4 |
|a HE213.T4
|b L96 1978
|
| 110 |
2 |
|
|a Lyndon B. Johnson School of Public Affairs.
|b Texas Transportation Issues 1977 Policy Research Project.
|
| 245 |
1 |
0 |
|a Selected Texas transportation issues, 1977-78 :
|b a report to the Committee on Transportation, Texas House of Representatives /
|c by the Texas Transportation Issues 1977 Policy Research Project, Lyndon B. Johnson School of Public Affairs, the University of Texas at Austin.
|
| 264 |
|
1 |
|a [Austin] :
|b Texas House of Representatives,
|c 1978.
|
| 300 |
|
|
|a vi, 169 pages ;
|c 28 cm.
|
| 336 |
|
|
|a text
|b txt
|2 rdacontent
|
| 337 |
|
|
|a unmediated
|b n
|2 rdamedia
|
| 338 |
|
|
|a volume
|b nc
|2 rdacarrier
|
| 500 |
|
|
|a Tx Doc number: L1836.65, T687.
|
| 500 |
|
|
|a Cover title: Interim report, sixty sixth legislative session, the Committee on Transportation.
|
| 504 |
|
|
|a Includes bibliographies.
|
| 650 |
|
0 |
|a Transportation and state
|z Texas.
|
| 710 |
1 |
|
|a Texas.
|b Legislature.
|b House of Representatives.
|b Committee on Transportation.
|
| 999 |
|
|
|a MARS
|
| 999 |
f |
f |
|s 369cedf6-c252-38b8-8d02-04082f6037a6
|i 895cbc9e-be7e-3481-99af-2b64e0de5711
|t 0
|
| 952 |
f |
f |
|p ric
|a Texas A&M University
|b Rellis Campus
|c Joint Library Facility
|d Remote Storage
|t 0
|e HE213.T4 L96 1978
|h Library of Congress classification
|i unmediated -- volume
|m A14812591682
|
| 998 |
f |
f |
|a HE213.T4 L96 1978
|t 0
|l Remote Storage
|